000 02106cam a22003974a 4500
001 7241714
003 OSt
005 20180117090006.0
008 081212s2009 inua b s001 0 eng
010 _a 2008052447
020 _a9780253353351 (alk. paper)
020 _a0253353351 (alk. paper)
020 _a9780253220936 (pbk. : alk. paper)
020 _a0253220939 (pbk. : alk. paper)
024 _a40016908489
035 _a(OCoLC)ocn261176960
035 _a(OCoLC)261176960
035 _a(NNC)7241714
040 _aDLC
_cDLC
_dBTCTA
_dYDXCP
_dC#P
_dOrLoB-B
043 _aa-ii---
_aaz-----
050 0 0 _aZ658.I4
_bC46 2009
082 0 0 _a363.310954
_222
245 0 0 _aCensorship in South Asia :
_bcultural regulation from sedition to seduction /
_cedited by Raminder Kaur, William Mazzarella.
260 _aBloomington :
_bIndiana University Press,
_cc2009.
300 _avii, 243 p. :
_bill. ;
_c24 cm.
504 _aIncludes bibliographical references and index.
505 0 0 _g1.
_tBetween sedition and seduction : thinking censorship in South Asia /
_rWilliam Mazzarella and Raminder Kaur --
_g2.
_tIatrogenic religion and politics /
_rChristopher Pinney --
_g3.
_tMaking sense of the cinema in late colonial India /
_rWilliam Mazzarella --
_g4.
_tThe limits of decency and the decency of limits : censorship and the Bombay film industry /
_rTejaswini Ganti --
_g5.
_tAnxiety, failure, and censorship in Indian advertising /
_rAngad Chowdhury --
_g6.
_tNuclear revelations /
_rRaminder Kaur --
_g7.
_tSpecters of Macaulay : blasphemy, the Indian penal code, and Pakistan's postcolonial predicament /
_rAsad Ali Ahmed --
_g8.
_tAfter the massacre : secrecy, disbelief, and the public sphere in Nepal /
_rGenevieve Lakier.
650 0 _aCensorship
_zIndia.
650 0 _aCensorship
_zSouth Asia.
700 1 _aKaur, Raminder.
700 1 _aMazzarella, William,
_d1969-
900 _bTOC
942 _2ddc
_cBK
948 1 _a20090910
_bc
_csl13
_dMPS
999 _c14486
_d14486